One Piece All Antagonist - Statistics

General Stats
  • This quiz has been taken 73 times
  • The average score is 58 of 138
Answer Stats
Answer % Correct
Buggy
96%
Alvida
94%
Arlong
86%
Axe-Hand Morgan
82%
Kuro
82%
Lao G
82%
Don Krieg
80%
Crocodile
76%
Kaido
68%
Mr.1
68%
Mr.2
68%
Mr.3
68%
Smoker
68%
Mr.5
66%
Blackbeard
64%
Gin
64%
Jango
64%
Enel
62%
Mr.4
62%
Mr.8
62%
Mr.9
62%
Doc Q
60%
Charlotte Katakuri
58%
King
58%
Miss Valentine
58%
Queen
58%
Hatchan
56%
Jack
56%
Kizaru
56%
Miss Monday
56%
Tashigi
56%
Bellamy
54%
Cabaji
54%
Charlotte Linlin
54%
Doflamingo
54%
Garp
54%
Bartolomew Kuma
52%
Gecko Moria
52%
Miss Doublefinger
52%
Wapol
52%
Chew
50%
Miss Goldenweek
50%
Mohji
50%
Pearl
50%
Richie
50%
Rob Lucci
50%
Spandam
50%
Charlotte Cracker
48%
Jesus Burgess
48%
Kaku
48%
Kalifa
48%
Miss All Sunday
48%
Perona
48%
Aokiji
46%
Black Maria
46%
Blueno
46%
Kuroobi
46%
Ulti
44%
Van Augur
44%
Charlotte Smoothie
42%
Diamante
42%
Foxy
42%
Hody Jones
42%
Imu
42%
Laffitte
42%
Miss Merry Christmas
42%
Monet
42%
Page One
42%
Pica
42%
Sham
42%
S-Hawk
42%
Who's Who
42%
Absalom
40%
Caesar Clown
40%
Jaygarcia Saturn
40%
Magellan
40%
Trebol
40%
Dellinger
38%
Dr. Hogback
38%
Jabra
38%
Miss Whensday
38%
Topman Warcury
38%
Baby 5
36%
Charlotte Perospero
36%
Marcus Mars
36%
Ohm
36%
Sengoku
36%
Senor Pink
36%
X Drake
36%
Charlotte Oven
34%
Ethanbaron V. Nusjuro
34%
Shepard Ju Peter
34%
Shiryu
34%
S-Snake
34%
Charlotte Mont-D'or
32%
Sasaki
32%
S-Bear
32%
Vergo
32%
Buchi
30%
Charlotte Brulee
30%
Giolla
30%
Nero
30%
S-Shark
30%
Charlotte Daifuku
28%
Kurozumi Orochi
28%
Machvise
28%
Vander Decken IX
28%
Buffalo
26%
Kumadori
26%
Satori
26%
Stronger
26%
Fukurou
24%
Gedatsu
24%
Gladius
24%
Sanjuan Wolf
24%
Vasco Shot
24%
Chess
22%
Figarland Garling
22%
Hannyabal
22%
Sentomaru
22%
Avalo Pizzarro
20%
Catarina Devon
20%
Hattori
20%
Sarquiss
18%
Funkfreed
16%
Shura
16%
Charlos
14%
Daruma
14%
Saldeath
14%
Wanze
14%
Zeo
14%
Dosun
10%
Hyouzou
10%
Ikaros Much
10%
Sadie
10%
Jerry
8%
Marimo
6%
Mohmoo
6%
No matching quizzes found
Score Distribution
Percent of People with Each Score
Percentile by Number Answered
Your Score History
You have not taken this quiz